[Event "AUTO-OPEN-972"]
[Site "http://www.queenalice.com/game.php?id=337365"]
[Date "2008.1.16"]
[Round "1"]
[White "PedroNRF"]
[Black "Mayper"]
[Result "1-0"]
[WhiteElo "1740"]
[BlackElo "1208"]

1. d4 d5 2. Bf4 e6 3. Nf3 Qf6 4. Bxc7 Nc6 5. c3 Qe7 6. Bg3 f5 7. Ne5 Qf6 8. Qa4
Bd7 9. Qb5 Rb8 10. Nxd7 Kxd7 11. Bxb8 a6 12. Qxb7+ Kd8 13. Qc7+ Ke8 14. Qxc6+
Kf7 15. Be5 Qg6 16. e3 Ne7 17. Qxa6 Ng8 18. g3 Ne7 19. Bb5 Qg4 20. Bd7 1-0

[Event "AUTO-OPEN-972"]
[Site "http://www.queenalice.com/game.php?id=337366"]
[Date "2008.1.16"]
[Round "1"]
[White "Mayper"]
[Black "PedroNRF"]
[Result "1-0"]
[WhiteElo "1239"]
[BlackElo "1675"]

1. e4 d5 2. f3 d4 3. c3 Nc6 4. Bc4 Ne5 5. Bb5+ c6 6. Ba4 Nd3+ 7. Ke2 b5 8. Bc2
Nxc1+ 9. Qxc1 c5 10. Na3 Ba6 11. Bb3 b4+ 12. c4 d3+ 13. Kd1 bxa3 14. bxa3 g5 15.
Ba4+ Qd7 16. Bxd7+ Kxd7 17. Nh3 Bg7 18. Rb1 Rd8 19. Nxg5 Nh6 20. Rb3 Bf6 21. h4
Kc6 22. Re1 Bd4 23. Rxd3 Rb8 24. e5 Bb2 25. Qc2 Bxa3 26. Rxa3 Rb6 27. Qe4+ Kc7
28. d3 Bb7 29. Qe3 e6 30. Qxc5+ Kb8 31. Kc2 Rc8 32. Qa5 Ra6 33. Qb4 Nf5 34. Rxa6
Ka8 35. Qa4 Bxa6 36. Qxa6 Rb8 37. h5 Rb6 38. Qc8+ Rb8 39. Qd7 Rb7 40. Qxf7 h6
41. Qxe6 Nd4+ 42. Kc3 Nxe6 43. Nxe6 Kb8 44. Nc5 Rg7 45. g4 a5 46. e6 Re7 47. g5
Kc7 48. g6 Kd6 49. d4 Rg7 50. e7 Rxe7 51. Rxe7 Kxe7 52. g7 Kf7 53. d5 Kxg7 54.
d6 Kf7 55. f4 Ke8 56. d7+ Ke7 57. f5 a4 58. f6+ Kd8 59. f7 Ke7 60. f8=Q+ Kxf8
61. d8=Q+ 1-0

[Event "AUTO-OPEN-972"]
[Site "http://www.queenalice.com/game.php?id=337391"]
[Date "2008.1.16"]
[Round "1"]
[White "DARKQUEEN"]
[Black "Mayper"]
[Result "1-0"]
[WhiteElo "1493"]
[BlackElo "1221"]

1. d4 e6 2. e4 Qh4 3. Qe2 Nf6 4. g3 Qh5 5. f3 Nc6 6. e5 Nd5 7. c4 Nb6 8. Be3 Na5
9. b3 d5 10. Qc2 dxc4 11. bxc4 Nd5 12. cxd5 exd5 13. Qa4+ Nc6 14. Bb5 Bd7 15.
Nd2 a6 16. Be2 Nb4 17. Qb3 h6 18. a3 Nc6 19. Qxb7 Ra7 20. Qb3 g5 21. Qxd5 Qg6
22. f4 Qe6 23. Qxe6+ Bxe6 24. d5 Bxd5 25. Bf3 Bxf3 26. Ngxf3 Ra8 27. Nc4 Rd8 28.
fxg5 Rd3 29. Ke2 Rc3 30. Nfd2 Bg7 31. Rab1 Kd7 32. Rhc1 Rxc1 33. Rxc1 f6 34.
gxf6 Bf8 35. Bb6 cxb6 36. Nxb6+ Kc7 37. Ndc4 Nd4+ 38. Kd3 Bc5 39. Nd5+ Kd7 40.
Ncb6+ Kc6 41. Ke4 Re8 42. Na4 Kd7 43. Nxc5+ 1-0

[Event "AUTO-OPEN-972"]
[Site "http://www.queenalice.com/game.php?id=337392"]
[Date "2008.1.16"]
[Round "1"]
[White "Mayper"]
[Black "DARKQUEEN"]
[Result "0-1"]
[WhiteElo "1288"]
[BlackElo "1497"]

1. e4 e5 2. Bc4 Nf6 3. Nf3 Nxe4 4. Nxe5 d5 5. Bb5+ c6 6. Be2 Bc5 7. d4 Bd6 8. f4
f6 9. Nd3 O-O 10. Nc3 Re8 11. g3 Qb6 12. Nf2 Bf5 13. O-O Bb4 14. a3 Bxc3 15.
bxc3 Nxc3 16. Qd2 Nxe2+ 17. Kh1 Nxd4 18. Re1 Nd7 19. c3 Nb3 20. Qb2 Rxe1+ 21.
Kg2 Nxa1 22. Qxb6 axb6 23. Bd2 Re2 24. Bc1 Nb3 0-1

[Event "AUTO-OPEN-972"]
[Site "http://www.queenalice.com/game.php?id=337410"]
[Date "2008.1.16"]
[Round "1"]
[White "schizo"]
[Black "Mayper"]
[Result "0-1"]
[WhiteElo "1028"]
[BlackElo "1266"]

1. e4 e5 2. f3 Bc5 3. c4 Nc6 4. Qa4 Nd4 5. Ne2 Nf6 6. g4 O-O 7. f4 exf4 8. Nxf4
Nxg4 9. Bh3 Ne5 10. O-O Qh4 11. Bg2 b5 12. Qa5 Bb6 13. Qc3 a5 14. Qh3 Qg5 15. d3
bxc4 16. dxc4 Nxc4 17. b3 Ne5 18. a4 Nxb3+ 19. Be3 Nxa1 20. Nd2 Nc2 21. Qg3
Bxe3+ 22. Kh1 f6 23. Nf3 Qh6 24. Nh4 Ba6 0-1

[Event "Challenge"]
[Site "http://www.queenalice.com/game.php?id=338185"]
[Date "2008.1.18"]
[Round "-"]
[White "ttapada"]
[Black "Mayper"]
[Result "1-0"]
[WhiteElo "1030"]
[BlackElo "1420"]

1. e4 e5 2. Qh5 g6 3. Qxe5+ Qe7 4. Qxh8 Qxe4+ 5. Ne2 Qxc2 6. f4 d5 7. Na3 Bxa3
8. bxa3 Kf8 9. Nd4 Qe4+ 10. Be2 f6 11. Bb2 Qxg2 12. Rf1 Qxh2 13. Ne6+ Bxe6 14.
Bxf6 Nd7 15. Bg7+ Kf7 16. Bd4 Re8 17. Qg7# 1-0

[Event "Challenge"]
[Site "http://www.queenalice.com/game.php?id=340639"]
[Date "2008.1.22"]
[Round "-"]
[White "gncj"]
[Black "Mayper"]
[Result "1-0"]
[WhiteElo "1500"]
[BlackElo "1500"]

1. e4 e5 2. Bc4 Qh4 3. Qf3 Nf6 4. Nc3 Bc5 5. g3 Qh5 6. Nd5 Bb6 7. Nxf6+ gxf6 8.
Qxh5 O-O 9. d3 Ba5+ 10. c3 Nc6 11. a3 a6 12. b4 Bb6 13. Nf3 a5 14. Bg5 fxg5 15.
Nxg5 Nd8 16. Qxh7# 1-0

[Event "Challenge"]
[Site "http://www.queenalice.com/game.php?id=341654"]
[Date "2008.1.23"]
[Round "-"]
[White "MataMoscas"]
[Black "Mayper"]
[Result "1-0"]
[WhiteElo "1500"]
[BlackElo "1261"]

1. e4 e5 2. Nf3 Nf6 3. Bc4 Bc5 4. Nxe5 Nxe4 5. d3 Bb4+ 6. c3 Ba5 7. dxe4 d6 8.
Nxf7 Qe7 9. Nxh8 Kd8 10. Qd5 Nd7 11. Bg5 Nf6 12. Nf7+ Kd7 13. Qxa5 b6 14. Qa4+
c6 15. f3 h6 16. Bh4 g5 17. Bg3 d5 18. Ne5+ Kd6 19. Qxc6# 1-0

[Event "Challenge"]
[Site "http://www.queenalice.com/game.php?id=344243"]
[Date "2008.1.28"]
[Round "-"]
[White "Mayper"]
[Black "gncj"]
[Result "0-1"]
[WhiteElo "1263"]
[BlackElo "1491"]

1. e4 Nc6 2. Nc3 e6 3. Nf3 d5 4. d3 d4 5. Na4 b5 6. Nc3 Bb4 7. Nxd4 Qxd4 8. Be3
Bxc3+ 9. bxc3 Qxc3+ 10. Bd2 Qd4 11. c3 Qc5 12. c4 Nd4 13. Qc1 b4 14. Rb1 a5 15.
Be3 Nf6 16. h4 e5 17. f3 Nh5 18. Kf2 O-O 19. Qb2 Nf4 20. g3 Nfe6 21. f4 f6 22.
f5 Nd8 23. g4 Nf7 24. Bh3 Rb8 25. a3 Rb6 26. Ra1 Ba6 27. Rhc1 Rfb8 28. g5 fxg5
29. Kg3 gxh4+ 30. Kxh4 Nf3+ 31. Kg4 Qxe3 32. Kg3 N3g5+ 0-1

[Event "Mais um?"]
[Site "http://www.queenalice.com/game.php?id=354509"]
[Date "2008.2.14"]
[Round "-"]
[White "gncj"]
[Black "Mayper"]
[Result "0-1"]
[WhiteElo "1543"]
[BlackElo "1239"]

1. e4 e5 2. Bc4 Nf6 3. Nc3 Nc6 4. Nf3 Ng4 5. O-O Bc5 6. Qe2 O-O 7. h3 Nf6 8. d3
Nd4 9. Nxd4 exd4 10. Nd5 Nxd5 11. Bxd5 c6 12. Bc4 Re8 13. Qf3 d5 14. exd5 cxd5
15. Bxd5 Qd7 16. Bg5 Re5 17. Bxf7+ Qxf7 18. Qxf7+ Kxf7 19. f4 Rf5 20. Rae1 Bd6
21. g4 Rc5 22. Re2 h6 23. a4 hxg5 24. fxg5+ Kg6 25. Re4 Rxc2 26. Rxd4 Bc5 27.
Rf4 Kxg5 28. Kf1 Be6 29. Rde4 Re8 30. Re2 Rxe2 31. Kxe2 Bxg4+ 32. Kd2 Bxh3 33.
Rf7 Bb4+ 34. Kc2 Rc8+ 35. Kb1 Bf5 36. Rxg7+ Kf6 37. Rd7 Bxd7 38. Ka2 b5 39. Kb3
Be1 40. d4 b4 41. a5 Be6+ 42. Ka4 Rc1 0-1

[Event "Challenge"]
[Site "http://www.queenalice.com/game.php?id=356688"]
[Date "2008.2.18"]
[Round "-"]
[White "Mayper"]
[Black "SprDog"]
[Result "0-1"]
[WhiteElo "1264"]
[BlackElo "1388"]

1. e4 e5 2. Qf3 a6 3. d3 h6 4. Qh5 Qf6 5. Nf3 d6 6. Nc3 g6 7. Qh4 g5 8. Qg3 Qg6
9. Nd5 Nf6 10. Nxc7+ Kd8 11. Nxa8 Nh5 12. Nxe5 Nxg3 13. Nxg6 fxg6 14. hxg3 Nd7
15. f4 g4 16. f5 gxf5 17. exf5 b5 18. Be2 Bb7 19. Rh2 Bxa8 20. Bxg4 Ne5 21. d4
Nxg4 22. Rh4 Nf6 23. Kf1 h5 24. Bg5 Be7 25. a4 b4 26. a5 Nd5 27. Bd2 Bxh4 28.
gxh4 Rg8 29. c3 bxc3 30. bxc3 Ke8 31. Re1+ Kd7 32. c4 Nf6 33. d5 Nh7 34. Bc3 Rg4
35. f6 Rf4+ 36. Kg1 Rxc4 37. Ba1 Bxd5 38. Rf1 Bf7 39. g4 Rxg4+ 40. Kh2 Rxh4+ 41.
Kg3 Rg4+ 42. Kh3 d5 43. Rf5 Kd6 0-1

[Event "Challenge"]
[Site "http://www.queenalice.com/game.php?id=357220"]
[Date "2008.2.19"]
[Round "-"]
[White "Mayper"]
[Black "Jony"]
[Result "0-1"]
[WhiteElo "1273"]
[BlackElo "1469"]

1. e4 e5 2. Qh5 Qe7 3. Nf3 g6 4. Qxe5 Qxe5 5. Nxe5 d6 6. Bb5+ c6 7. Bxc6+ bxc6
8. Nc4 f6 9. O-O d5 10. exd5 cxd5 11. Na5 Ne7 12. d4 Ba6 13. Re1 g5 14. f4 Bh6
15. g3 Kf7 16. Bd2 Nf5 17. Nc3 Rd8 18. h4 Nxd4 19. Rac1 Nf3+ 20. Kf2 Nxd2 21.
Ke3 d4+ 22. Kxd2 dxc3+ 23. Kxc3 gxf4 24. Rcd1 Rc8+ 25. Kb3 fxg3 26. Rg1 Rc5 27.
Kb4 Rxc2 28. Rxg3 Rxb2+ 29. Ka3 Rc2 30. Kb3 Rc7 31. Rd4 Nd7 32. Rb4 Nc5+ 33. Kb2
Rd8 34. Rc3 Rd2+ 35. Ka3 Rd3 36. Kb2 Rd2+ 37. Kc1 Rxa2+ 38. Kb1 Rxa5 0-1

[Event "Challenge"]
[Site "http://www.queenalice.com/game.php?id=357221"]
[Date "2008.2.19"]
[Round "-"]
[White "Mayper"]
[Black "MataMoscas"]
[Result "0-1"]
[WhiteElo "1250"]
[BlackElo "1501"]

1. e4 e5 2. Qh5 Nf6 3. Qxe5+ Qe7 4. Qf4 Qxe4+ 5. Qxe4+ Nxe4 6. d3 Nc5 7. Be3
Nba6 8. d4 Ne4 9. f3 Nf6 10. Nc3 Nb4 11. Nb5 Nfd5 12. Kd1 a6 13. Nxc7+ Nxc7 14.
a3 Nbd5 15. Bc4 Nxe3+ 16. Kd2 Nxc4+ 17. Kd3 Nxb2+ 0-1

[Event "Challenge"]
[Site "http://www.queenalice.com/game.php?id=358637"]
[Date "2008.2.21"]
[Round "-"]
[White "MataMoscas"]
[Black "Mayper"]
[Result "0-1"]
[WhiteElo "1485"]
[BlackElo "1270"]

1. a4 Nf6 2. b4 Nc6 3. c3 a5 4. b5 Ne5 5. d4 Neg4 6. h3 Nh6 7. g4 Ne4 8. f3 Ng3
9. Rh2 e6 10. Bf4 Nxf1 11. Kxf1 d5 12. Qc2 Qf6 13. g5 Qxf4 14. Rg2 Nf5 15. Rg4
Qh2 16. Rg2 Qxh3 17. Nxh3 Ne3+ 18. Kf2 Nxc2 19. Ra2 Nxd4 20. cxd4 e5 21. dxe5
Bxh3 22. Rh2 Bf5 23. Nc3 Rd8 24. Rd2 d4 25. Ne4 Bb4 26. Rb2 c5 27. Nd6+ Rxd6 28.
exd6 O-O 29. e4 Bg6 30. Rh4 d3 31. Rb1 d2 32. Ke3 Rd8 33. Rd1 Rxd6 34. f4 f5 35.
exf5 Bxf5 36. Rh2 Bg4 37. Rdxd2 Rxd2 38. Rxd2 Bxd2+ 39. Kxd2 h5 40. Ke3 Bd1 41.
b6 Bxa4 42. Kf3 c4 43. f5 c3 44. g6 c2 45. Kf4 c1=Q+ 46. Ke5 Qc5+ 47. Ke6 Bb3+
48. Kd7 Qxb6 49. Kc8 a4 50. Kd7 a3 51. Kc8 a2 52. Kd7 a1=Q 53. Kc8 Qa8+ 54. Kd7
Kf8 55. f6 Ba4# 0-1

[Event "Challenge"]
[Site "http://www.queenalice.com/game.php?id=359127"]
[Date "2008.2.22"]
[Round "-"]
[White "gncj"]
[Black "Mayper"]
[Result "1-0"]
[WhiteElo "1332"]
[BlackElo "1289"]

1. e4 Nf6 2. e5 Nd5 3. c4 Nb6 4. Nc3 c6 5. b4 d5 6. d3 e6 7. Nf3 Bxb4 8. Bd2 a5
9. a3 Bc5 10. Be3 d4 11. Bxd4 Bxd4 12. Nxd4 Qxd4 13. Qb3 a4 14. Qb2 Qxe5+ 15.
Be2 N8d7 16. O-O h5 17. Rad1 Rh6 18. d4 Qf6 19. Ne4 Qf4 20. f3 h4 21. c5 Nd5 22.
Nd6+ Ke7 23. Nc4 Rg6 24. Rf2 f6 25. Bd3 f5 26. Re1 Ra5 27. Nxa5 Qb8 28. Bxf5 Rg5
29. Bxe6 Rg6 30. Bxd5+ Kf6 31. Nxc6 bxc6 32. Bxc6 Qxb2 33. Rxb2 h3 34. g3 Nf8
35. f4 Rg4 36. Re8 Ne6 37. Rxc8 Nxf4 38. Rf8+ Kg5 39. Rxf4 Rxf4 40. gxf4+ Kxf4
41. Rf2+ Ke3 42. d5 Kd3 43. d6 1-0

[Event "Challenge"]
[Site "http://www.queenalice.com/game.php?id=362222"]
[Date "2008.2.27"]
[Round "-"]
[White "SprDog"]
[Black "Mayper"]
[Result "1-0"]
[WhiteElo "1236"]
[BlackElo "1316"]

1. h3 e5 2. Nc3 Qe7 3. a3 e4 4. e3 Nf6 5. b3 Nd5 6. Nxd5 Qc5 7. Nf4 f5 8. Bc4 g6
9. h4 h5 10. Nxg6 Rg8 11. Bxg8 1-0

[Event "Bora lá a outro!!!"]
[Site "http://www.queenalice.com/game.php?id=363406"]
[Date "2008.2.29"]
[Round "-"]
[White "Mayper"]
[Black "gncj"]
[Result "0-1"]
[WhiteElo "1301"]
[BlackElo "1349"]

1. Nf3 d6 2. e4 e5 3. Bc4 Be6 4. d3 Be7 5. O-O d5 6. Bb5+ c6 7. Ba4 b5 8. Bb3 a5
9. Nxe5 a4 10. Bxa4 Rxa4 11. a3 f6 12. Ng4 h5 13. Ne3 d4 14. Nf5 Rh7 15. b3 Ra6
16. a4 g6 17. Nh4 Rg7 18. f4 f5 19. Qe1 Bxh4 20. g3 g5 21. Qe2 Nf6 22. e5 Ng4
23. Nd2 gxf4 24. Nf3 fxg3 25. hxg3 Bxg3 26. Bh6 Bh2+ 27. Nxh2 Nxh6+ 28. Kf2 Qh4+
29. Kf3 Qg3# 0-1

[Event "Challenge"]
[Site "http://www.queenalice.com/game.php?id=365556"]
[Date "2008.3.4"]
[Round "-"]
[White "Mayper"]
[Black "MataMoscas"]
[Result "0-1"]
[WhiteElo "1253"]
[BlackElo "1499"]

1. Nf3 d5 2. Nc3 Nc6 3. e4 d4 4. Ne2 Nh6 5. c3 d3 6. Ned4 Bg4 7. Bxd3 e5 8. Nf5
Qxd3 9. Qe2 Qxe2+ 10. Kxe2 g6 11. Ne3 Bc5 12. Nd5 O-O 13. h3 Bh5 0-1

[Event "Challenge"]
[Site "http://www.queenalice.com/game.php?id=366189"]
[Date "2008.3.5"]
[Round "-"]
[White "gncj"]
[Black "Mayper"]
[Result "1-0"]
[WhiteElo "1428"]
[BlackElo "1247"]

1. e4 Nf6 2. e5 Nd5 3. Bc4 e6 4. d4 b6 5. h4 c5 6. c3 Ba6 7. Nd2 g5 8. hxg5 Qxg5
9. g3 b5 10. Bd3 b4 11. c4 1-0